LEADER 00981nas 2200373- 450 001 9910867290403321 005 20241101213016.0 011 $a2974-4822 035 $a(OCoLC)1446154474 035 $a(CKB)5690000000427783 035 $a(CONSER)--2024228375 035 $a(DE-599)ZDB3190307-1 035 $a(EXLCZ)995690000000427783 100 $a20240702a20239999 o-- - 101 0 $aeng 135 $aur||||||||||| 181 $ctxt$2rdacontent 182 $cc$2rdamedia 183 $acr$2rdacarrier 200 00$aAdvanced spine journal 210 1$aAlexandria :$cEgyptian Spine Association,$d[2023]- 215 $a1 online resource 311 08$a2974-4814 517 1 $aASJ 606 $aSpinal Diseases 606 $aSpine 608 $aPeriodical 615 12$aSpinal Diseases 615 22$aSpine 712 02$aEgyptian Spine Association, 906 $aJOURNAL 912 $a9910867290403321 996 $aAdvanced Spine Journal$94172859 997 $aUNINA